000 00473nam a2200181Ia 4500
008 240925s9999 xx 000 0 und d
020 _a8126512598
082 _a515.15 ANT
100 _aAnton, Howard ; Bivens, Irl ; Davis, Stephen
245 0 _aCalculus
250 _a7th
260 _aNew York:
_bJohn Wiley & Sons
_c,2002.
300 _axxiv,1144p.
_bNA
_fPhotocopy
500 _aNA
600 _aHumanities & Natural Science
650 _aMathematics
942 _cBK
999 _c8429
_d8429